000 00398nam a2200181Ia 4500
001 16910
005 20260306170346.0
008 260306t2003||||xx |||||||||||||| ||und||
041 _aESP
082 _a657.3
_bG24
100 _aGarcĂ­a R., Javier R.
_eAUT
245 0 _aEstados financieros
260 _c2003
300 _a
_c
650 _aGEN
654 _aCCO
942 _cLIB
_dJUS
_fJUS
_2ddc
_n
999 _c16910
_d16910